| 000 | 00607nam a22002057a 4500 | ||
|---|---|---|---|
| 003 | OSt | ||
| 005 | 20251023063137.0 | ||
| 008 | 250929b |||||||| |||| 00| 0 eng d | ||
| 020 | _a978-0-07-128372-4. | ||
| 040 |
_aDWCL-Main lib _cOC |
||
| 082 | _aCirc. 657 P559f 2008 | ||
| 100 | _aPhillips, Red | ||
| 245 | _aFundamentals of financial accounting | ||
| 260 |
_aN. Y. : _bMcGraw-Hill/Irwin, _cc2008. |
||
| 300 |
_axxxii, (various paging) : _bcolored illustration ; _c28 cm. |
||
| 650 | _21. Accounting. | ||
| 700 | _aRobert, Libby | ||
| 700 | _aLibby, Patricia | ||
| 942 |
_2ddc _cBK-CIRC _e2nd ed. _kCirc. _n0 |
||
| 999 |
_c4534 _d4534 |
||